Variedades del español de la Argentina : estudios textuales y de semántica léxica
Saved in:
| Hovedforfatter: | |
|---|---|
| Andre forfattere: | , , , , , |
| Format: | Bog |
| Sprog: | engelsk |
| Udgivet: |
Buenos Aires, Argentina:
Eudeba,
2013
|
| Udgivelse: | 1ª edición |
| Serier: | Teoría e Investigación.
|
| Fag: | |
| Tags: |
Tilføj Tag
Ingen Tags, Vær først til at tagge denne postø!
|
MARC
| LEADER | 00000nam a22000007a 4500 | ||
|---|---|---|---|
| 003 | CL-VaPUC | ||
| 005 | 20220526100624.0 | ||
| 008 | 220407b2013 ||||| |||| 00| 0 eng d | ||
| 999 | |c 435324 |d 435322 | ||
| 020 | |a 978-950-23-2128-8 | ||
| 040 | |c Pontificia Universidad Católica de Valparaíso | ||
| 082 | 0 | 4 | |2 21 |a 401.4 CIA 2013 |
| 100 | 1 | |a Ciapuscio, Guiomar Elena |e coordinadora |9 868593 | |
| 245 | 1 | 0 | |a Variedades del español de la Argentina : estudios textuales y de semántica léxica |
| 250 | |a 1ª edición | ||
| 260 | |a Buenos Aires, Argentina: |b Eudeba, |c 2013 | ||
| 300 | |a 157 páginas | ||
| 490 | 0 | |a Teoría e Investigación. | |
| 500 | |a C.1 Donación Familia profesor Giovanni Parodi S. Memo 01/2022. 25-03-2022 | ||
| 583 | |c 20220407 |k Catalogador Asistente | ||
| 650 | 1 | |a Lengua española |x Semántica |z Argentina |9 868604 | |
| 650 | 1 | |a Lengua española |x Variación |z Argentina |9 868605 | |
| 650 | 1 | |a Lenguaje y cultura |x Léxico |z Argentina |9 868607 | |
| 650 | 1 | |a Publicaciones periódicas |x Lenguaje |z Argentina |9 868606 | |
| 700 | |a Miotto, Carla |e autora |9 868594 | ||
| 700 | |a Glozman, Mara |e autora |9 868595 | ||
| 700 | |a Gallardo, Susana |e autora |9 868596 | ||
| 700 | |a Ferrari, Laura Daniela |9 868597 |e autora | ||
| 700 | |a Adelstein, Andreína |9 868598 |e autora | ||
| 700 | |a Berri, Marina |e autora |9 868599 | ||
| 942 | |2 ddc |c BK | ||
| 952 | |0 0 |1 0 |2 ddc |4 0 |6 401_400000000000000_CIA_2013 |7 0 |8 C_GPS |9 582506 |a FDOPOS |b FDOPOS |c TES |d 2022-04-07 |e Donación |i 5650726 |o 401.4 CIA 2013 |p 5650726 |r 2025-01-22 |t 1 |w 2022-04-07 |y BK |k MLA | ||